Crop production in the Tropics (Record no. 25)

MARC details
000 -LEADER
fixed length control field 00946nam a2200265 a 4500
001 - CONTROL NUMBER
control field u31066
003 - CONTROL NUMBER IDENTIFIER
control field SIRSI
005 - DATE AND TIME OF LATEST TRANSACTION
control field 20180219123412.0
007 - PHYSICAL DESCRIPTION FIXED FIELD--GENERAL INFORMATION
fixed length control field vf|cbaho|
008 - FIXED-LENGTH DATA ELEMENTS--GENERAL INFORMATION
fixed length control field 990419s1993 scu033 e 0vleng d
039 #9 - LEVEL OF BIBLIOGRAPHIC CONTROL AND CODING DETAIL [OBSOLETE]
-- 200203190949
-- load
040 ## - CATALOGING SOURCE
Original cataloging agency EAL.
090 ## - LOCALLY ASSIGNED LC-TYPE CALL NUMBER (OCLC); LOCAL CALL NUMBER (RLIN)
Classification number (OCLC) (R) ; Classification number, CALL (RLIN) (NR) VID
Local cutter number (OCLC) ; Book number/undivided call number, CALL (RLIN) no.18 1993
245 00 - TITLE STATEMENT
Title Crop production in the Tropics
Medium [videorecording] /
Statement of responsibility, etc. On Sat One Television Productions, Inc.
260 ## - PUBLICATION, DISTRIBUTION, ETC.
Place of publication, distribution, etc. Anderson, SC :
Name of publisher, distributor, etc. On Sat One,
Date of publication, distribution, etc. c1993.
300 ## - PHYSICAL DESCRIPTION
Extent 1 videocassette (33 min.) :
Other physical details sd., col. ;
Dimensions 1/2 in.
520 ## - SUMMARY, ETC.
Summary, etc. Presents a review of key features of major tropical food crops--examining their role in the context of indigenous and improved crop production systems.
538 ## - SYSTEM DETAILS NOTE
System details note VHS.
596 ## -
-- 1
650 #0 - SUBJECT ADDED ENTRY--TOPICAL TERM
Topical term or geographic name entry element Agriculture
Geographic subdivision Tropics.
650 #0 - SUBJECT ADDED ENTRY--TOPICAL TERM
Topical term or geographic name entry element Crops
Geographic subdivision Tropics.
650 #0 - SUBJECT ADDED ENTRY--TOPICAL TERM
Topical term or geographic name entry element Farm produce
Geographic subdivision Tropics.
710 21 - ADDED ENTRY--CORPORATE NAME
Corporate name or jurisdiction name as entry element On Sat One Television Productions.
942 ## - ADDED ENTRY ELEMENTS (KOHA)
Koha item type Visual Materials
Source of classification or shelving scheme Library of Congress Classification
Holdings
Withdrawn status Lost status Source of classification or shelving scheme Damaged status Not for loan Home library Current library Date acquired Total Checkouts Full call number Barcode Date last seen Copy number Cost, replacement price Price effective from Koha item type
    Library of Congress Classification     Main Main 02/19/2018   VID NO.18 1993 VID00001 02/19/2018 1 0.00 02/19/2018 Visual Materials

Home | About ENAL | Collections | Services | Activities | Calendar | Contact us

7 Nadi El Sayed St., Giza, Egypt | Phone:02-33351121 +02-33351313 | 
| Email: enalegypt@gmail.com